LEADER 01831nam 22004693 450 001 9911044112903321 005 20251206060327.0 010 $a1-83695-310-0 035 $a(MiAaPQ)EBC32227893 035 $a(Au-PeEL)EBL32227893 035 $a(CKB)43926648600041 035 $a(OCoLC)1559217868 035 $a(EXLCZ)9943926648600041 100 $a20251206d2026 uy 0 101 0 $aeng 135 $aurcnu|||||||| 181 $ctxt$2rdacontent 182 $cc$2rdamedia 183 $acr$2rdacarrier 200 10$aArctic Silk Roads $eAn Anthropology of the Unbuilt 205 $a1st ed. 210 1$aNew York, NY :$cBerghahn Books, Incorporated,$d2026. 210 4$dİ2026. 215 $a1 online resource (220 pages) 225 1 $aStudies in the Circumpolar North Series ;$vv.7 330 $aAs climate change accelerates, melting sea ice is fueling the global imagination and geopolitical anticipation of the Arctic region's accessible transport routes and possibilities for resource extraction. Arctic Silk Roads examines the different conditions under which top-down infrastructural dreams facilitate or constrain individual agencies. 410 0$aStudies in the Circumpolar North Series 606 $aSCIENCE / Global Warming & Climate Change$2bisacsh 606 $aSCIENCE / Life Sciences / Ecology$2bisacsh 606 $aSOCIAL SCIENCE / Anthropology / Cultural & Social$2bisacsh 615 7$aSCIENCE / Global Warming & Climate Change 615 7$aSCIENCE / Life Sciences / Ecology 615 7$aSOCIAL SCIENCE / Anthropology / Cultural & Social 676 $a387.52091632 700 $aMagnani$b Natalia$0760704 801 0$bMiAaPQ 801 1$bMiAaPQ 801 2$bMiAaPQ 906 $aBOOK 912 $a9911044112903321 996 $aArctic Silk Roads$94464248 997 $aUNINA